000
00322nam a2200145Ia 4500
008
150301s2015 xx 000 0 und d
082
_a
611
_b
H14T
100
_a
TONDON, B.K
245
_a
TB OF HUMAN ANATOMY-||
250
_a
2ND
260
_b
AHUJA PUB
300
_a
278
650
_a
PHARMACEUTICS
942
_2
ddc
_c
BK
_0
1
999
_c
7396
_d
7396